LEADER 03358nam 2200469I 450 001 9911026127203321 005 20220917113932.0 010 $a958-732-367-X 035 $a(CKB)5590000000487265 035 $a(OCoLC)1253291637 035 $a(NyNyDIG)DIGUCAUCA0042 035 $a(NjHacI)995590000000487265 035 $a(MiAaPQ)EBC31779040 035 $a(Au-PeEL)EBL31779040 035 $a(Perlego)2655438 035 $a(EXLCZ)995590000000487265 100 $a20210823d2019 uy 0 101 0 $aspa 135 $aur||||||||||| 181 $ctxt$2rdacontent 182 $cc$2rdamedia 183 $acr$2rdacarrier 200 10$aConfrontacio?n armada entre las Fuerzas Armadas Colombianas y FARC-EP $eun ana?lisis de sus acciones de guerra 2006-2014 /$fMario Alejandro Enri?quez Ponce 205 $aPrimera edicio?n en espan?ol. 210 1$aPopaya?n, Colombia :$cEditorial Universidad del Cauca,$d[2019] 215 $a1 online resource $cillustrations 311 08$a958-732-366-1 320 $aIncludes bibliographical references and index. 330 8 $aLa construccio?n del posconflicto en Colombia parece dilucidarse lentamente; su comprensio?n desafi?a a los investigadores, acade?micos, gobernantes y ciudadanos a repensar la realidad, retomando reflexivamente las o?pticas dejadas por cerca de seis de?cadas de confrontacio?n militar entre el Estado y las insurgencias como expresio?n del conflicto armado, cuyo nu?cleo es el conflicto social irresoluto que se remonta a los albores de la repu?blica. Esta nueva comprensio?n no es posible si se desvincula de la trayectoria histo?rica, las causas que favorecieron el surgimiento de la insurgencia, la violencia estatal y la represio?n social, la concepcio?n de la democracia, la planeacio?n institucional y la seguridad hoy vigente en Colombia. Es en estos te?rminos, que este libro, desde un enfoque politolo?gico y de la ciencia militar, aporta elementos de ana?lisis para que el lector configure una perspectiva de la contienda poli?tico-militar emprendida por el Estado colombiano y las FARC-EP en los u?ltimos cincuenta an?os. El libro de Mario Alejandro Enri?quez Ponce presenta cinco capi?tulos: el marco constitucional y normativo al que corresponden los fines y funciones del Estado colombiano, y la relacio?n impli?cita entre la nocio?n de intere?s general y la planeacio?n nacional para la transformacio?n de las agendas poli?ticas en agendas de gobierno; las transformacio?n histo?rica de las FARC-EP a razo?n de los cambios en sus propias ta?cticas y estrategias militares y las del Estado para su neutralizacio?n; el disen?o e implementacio?n de las estrategias de Seguridad y Defensa Nacional en los gobiernos de los expresidentes Uribe y Santos y sus respectivas variaciones en tipologi?as, resultados operativos, e impacto de las acciones de guerra. 606 $aInsurgency$zColombia 606 $aCounterinsurgency$zColombia 607 $aColombia$xArmed Forces 615 0$aInsurgency 615 0$aCounterinsurgency 676 $a986.10635 700 $aEnri?quez Ponce$b Mario Alejandro$01847332 801 0$bDGITA 801 1$bDGITA 906 $aBOOK 912 $a9911026127203321 996 $aConfrontacio?n armada entre las Fuerzas Armadas Colombianas y FARC-EP$94432871 997 $aUNINA